Loading...

Srishttikkam Ningalude Lokam

Bibliographic Details
Main Author: Sajeev Nair
Published: Malayala Manorama
LEADER 00201 a2200097 4500
020
260 |b Malayala Manorama 
942 |c BK  |6 _ 
245 |a Srishttikkam Ningalude Lokam  
100 |a Sajeev Nair  
999 |c 64704  |d 64704